Η ζωή και το έργο του Σεζάν

Αποθηκεύτηκε σε:
Λεπτομέρειες βιβλιογραφικής εγγραφής
Κύριος συγγραφέας: Swinglehurst, Edmund
Άλλοι συγγραφείς: Ρώντα, Ντενίζ (trlf)
Μορφή: Βιβλίο
Γλώσσα:Greek
English
Δημοσίευση: Αθήνα : Μίνωας, 1994.
Θέματα:
Ετικέτες: Προσθήκη ετικέτας
Δεν υπάρχουν, Καταχωρήστε ετικέτα πρώτοι!

MARC

LEADER 00000cam a2200000 i 4500
001 1/28893
008 021112s1994 gr | ||| |||| ||gre||
020 |a 9602403101 
035 |l 10068698 
040 |a GR-MyUa  |b gre  |e AACR2 
041 1 |a gre  |h eng 
082 7 |a 759.4   |2 (22) 
100 1 |a Swinglehurst, Edmund. 
245 1 2 |a Η ζωή και το έργο του Σεζάν /   |c Έντμπουντ Σουίγκλχερστ ; σε συνεργασία με την Bridgeman Art Library ; μετάφραση Ντενίζ Ρώντα. 
260 |a Αθήνα :   |b Μίνωας,   |c 1994. 
300 |a 79 σ. :   |b εικ. ;   |c 21 εκ. 
500 |a Τίτλος πρωτοτύπου: Cezanne. 
600 1 0 |a Cezanne, Paul,   |d 1839-1906  |x Exhibitions. 
700 1 |a Ρώντα, Ντενίζ,  |e trlf 
852 |a INST  |b RHODES  |e 20021112  |h 759.4 SWI  |p 005400015946  |q 005400015946  |t BK  |y 0 
901 |a BIBL4-2002-3 
922 |a 4ΕΛΗ  |b 200210  |c ΒΙΒΛΙΟΘΗΚΗ  |d ΔΕΝΤΡΟ 
950 |a 094-2002-10-05 
970 |a ΚΟΥΛΑΚΙΟΤΗ  |b ΛΙΤΣΑ  |z 2002/12/03